Fatal burn (Record no. 43167)

MARC details
000 -LEADER
fixed length control field 00520nam a2200157 a 4500
008 - FIXED-LENGTH DATA ELEMENTS--GENERAL INFORMATION
fixed length control field 081120s2007 ||||||||||||||||| || u
020 ## - INTERNATIONAL STANDARD BOOK NUMBER
International Standard Book Number 9780340938164
050 ## - LIBRARY OF CONGRESS CALL NUMBER
Classification number PS 3560 .A223 F3
100 ## - MAIN ENTRY--PERSONAL NAME
Personal name Jackson, Lisa
245 10 - TITLE STATEMENT
Title Fatal burn
260 ## - PUBLICATION, DISTRIBUTION, ETC.
Place of publication, distribution, etc. London
Name of publisher, distributor, etc. Hodder and Stoughton
Date of publication, distribution, etc. 2007
300 ## - PHYSICAL DESCRIPTION
Extent 472p.
350 ## - PRICE (NR) (BK AM CF MU VM SE) [OBSOLETE]
Price 0.00
650 ## - SUBJECT ADDED ENTRY--TOPICAL TERM
Topical term or geographic name entry element ENGLISH LANGUAGE
995 ## - RECOMMENDATION 995 [LOCAL, UNIMARC FRANCE]
-- 65000.00
-- CBU-MAIN LIBRARY (Kitwe)
-- 1
-- 65000.00
-- 1
-- AVAILABLE
-- Nov 26, 2008
-- Fiction Collection
Holdings
Withdrawn status Lost status Source of classification or shelving scheme Damaged status Not for loan Home library Current library Shelving location Date acquired Total Checkouts Full call number Barcode Date last seen Price effective from Koha item type
          CBU-MAIN LIBRARY, KITWE. CBU-MAIN LIBRARY, KITWE.   11/30/2022   PS 3560 .A223 F3 738889 11/30/2022 11/30/2022 MONOGRAPH